[Event "35 Open Internacional Ciudad de San Sebastian"]
[Site "Donostia-San Sebastian"]
[Date "2012.03.31"]
[Round "1"]
[Board "2"]
[White "Vazquez Igarza, Renier"]
[Black "Fernandez de Pinedo Orive, Jose"]
[Result "1-0"]
[WhiteElo "2566"]
[BlackElo "1960"]
[PlyCount "0"]
[EventDate "2012.03.31"]
[EventRounds "9"]
[EventCountry "ESP"]

1. d4 d5 2. c4 e6 3. Nc3 Be7 4. cxd5 exd5 5. Bf4 Nf6 6. e3 O-O 7. Bd3 c6 8. Qc2
h6 9. h3 Bd6 10. Nge2 Re8 11. O-O-O a5 12. g4 Bxf4 13. Nxf4 Na6 14. a3 b5 15.
Nce2 Bd7 16. Ng3 c5 17. dxc5 Nxc5 18. Kb1 Rc8 19. Bf5 Ne6 20. Qb3 Nxf4 21. exf4
Rc4 22. g5 hxg5 23. fxg5 Bxf5+ 24. Nxf5 Ne4 25. Qxb5 Rc5 26. Qa4 Qb8 27. Qd4
Re5 28. Ne3 Nc3+ 29. Ka1 Nxd1 30. Rxd1 Rb5 31. h4 Re4 32. Qc3 Qe5 33. Qc8+ Kh7
34. Qc2 Kg8 35. Qc8+ Kh7 36. Qc2 Kg8 37. Rd2 Rxh4 38. g6 fxg6 39. Qc6 d4 40.
Nc2 Rh6 41. Nxd4 Rd5 42. Nf3 Rh1+ 43. Ka2 Rxd2 44. Nxe5 1-0

[Event "35 Open Internacional Ciudad de San Sebastian"]
[Site "Donostia-San Sebastian"]
[Date "2012.03.31"]
[Round "1"]
[Board "4"]
[White "Andres Gonzalez, Alberto"]
[Black "Nogues Fernandez, Ramon"]
[Result "1-0"]
[WhiteElo "2525"]
[BlackElo "1941"]
[PlyCount "0"]
[EventDate "2012.03.31"]
[EventRounds "9"]
[EventCountry "ESP"]

1. Nf3 Nf6 2. c4 c5 3. g3 g6 4. Bg2 Bg7 5. O-O Nc6 6. d4 cxd4 7. Nxd4 O-O 8.
Nc3 Nxd4 9. Qxd4 d6 10. Rd1 Nd7 11. Qh4 Bf6 12. Bg5 Bxg5 13. Qxg5 Nf6 14. c5
Qa5 15. Qe3 dxc5 16. Qxe7 Qb6 17. Na4 Qb5 18. b3 Kg7 19. Rd6 Ng4 20. h3 Nh6 21.
Nc3 Qe8 22. Qf6+ Kg8 23. g4 Be6 24. Ne4 b6 25. Qe5 1-0

[Event "35 Open Internacional Ciudad de San Sebastian"]
[Site "Donostia-San Sebastian"]
[Date "2012.03.31"]
[Round "1"]
[Board "5"]
[White "Santos Zunzunegi, Iban"]
[Black "Libiszewski, Fabien"]
[Result "0-1"]
[WhiteElo "1937"]
[BlackElo "2523"]
[PlyCount "0"]
[EventDate "2012.03.31"]
[EventRounds "9"]
[EventCountry "ESP"]

1. e4 c5 2. Nf3 Nc6 3. d4 cxd4 4. Nxd4 e5 5. Nb5 d6 6. N1c3 a6 7. Na3 b5 8. Nd5
Nge7 9. Bg5 h6 10. Bxe7 Nxe7 11. c4 Nxd5 12. cxd5 Qg5 13. Qc1 Bd7 14. Qxg5 hxg5
15. Bd3 Be7 16. Nc2 Bd8 17. O-O Bb6 18. Rac1 g4 19. Nb4 Ke7 20. Nc6+ Kf6 21.
Rc2 g3 22. hxg3 Rh6 23. Rfc1 Bg4 0-1

[Event "35 Open Internacional Ciudad de San Sebastian"]
[Site "Donostia-San Sebastian"]
[Date "2012.03.31"]
[Round "1"]
[Board "6"]
[White "Bakre, Tejas"]
[Black "Fernandez Zubitur, Jokin"]
[Result "1-0"]
[WhiteElo "2513"]
[BlackElo "1927"]
[PlyCount "0"]
[EventDate "2012.03.31"]
[EventRounds "9"]
[EventCountry "ESP"]

1. Nf3 Nf6 2. c4 e6 3. g3 b6 4. Bg2 Bb7 5. O-O Be7 6. Nc3 O-O 7. Re1 d5 8. cxd5
exd5 9. d4 c6 10. Bf4 Re8 11. Rc1 Nbd7 12. Qa4 Nh5 13. Bd2 Bf8 14. Bh3 Nhf6 15.
Bg5 h6 16. Bxd7 Qxd7 17. Bxf6 gxf6 18. Nd1 h5 19. Rc3 Qd6 20. Ne3 Qe6 21. Nh4
c5 22. Neg2 Bc6 23. Qc2 Qe4 24. Nf4 Qxd4 25. Nxh5 Qe5 26. Nf5 d4 27. f4 Qe6 28.
Nxd4 cxd4 29. Rxc6 Qe3+ 30. Kf1 Re6 31. Nxf6+ 1-0

[Event "35 Open Internacional Ciudad de San Sebastian"]
[Site "Donostia-San Sebastian"]
[Date "2012.03.31"]
[Round "1"]
[Board "7"]
[White "Arana Garate, Jon"]
[Black "Moreno Ruiz, Javier"]
[Result "0-1"]
[WhiteElo "1925"]
[BlackElo "2513"]
[PlyCount "0"]
[EventDate "2012.03.31"]
[EventRounds "9"]
[EventCountry "ESP"]

1. d4 Nf6 2. Nf3 d5 3. Bf4 c5 4. e3 Nc6 5. c3 Qb6 6. Qb3 c4 7. Qc2 Bf5 8. Qc1
h6 9. h3 e6 10. Nbd2 Be7 11. Be2 O-O 12. O-O Qd8 13. Bd1 b5 14. Bc2 Bxc2 15.
Qxc2 b4 16. e4 Qa5 17. Rfe1 Rfe8 18. Ne5 Rac8 19. Ng4 Nxg4 20. hxg4 Bf8 21. e5
Rb8 22. g5 h5 23. g6 Qc7 24. Nf3 fxg6 25. Qxg6 Qf7 26. Qg3 Ne7 27. Ng5 Qg6 28.
Qe3 Nf5 29. Qd2 Rb6 30. Qe2 Be7 31. g4 Nh4 32. Qe3 Bxg5 33. Qg3 Bxf4 34. Qxh4
Qxg4+ 0-1

[Event "35 Open Internacional Ciudad de San Sebastian"]
[Site "Donostia-San Sebastian"]
[Date "2012.03.31"]
[Round "1"]
[Board "8"]
[White "Lopez Martinez, Josep Manuel"]
[Black "Aranzabal Minguez, Alex"]
[Result "1-0"]
[WhiteElo "2508"]
[BlackElo "1913"]
[PlyCount "0"]
[EventDate "2012.03.31"]
[EventRounds "9"]
[EventCountry "ESP"]

1. e4 c5 2. Nf3 g6 3. d4 cxd4 4. Nxd4 Nc6 5. Nc3 Bg7 6. Be3 Nf6 7. Bc4 Qa5 8.
O-O O-O 9. Bb3 d6 10. h3 Bd7 11. Re1 Qh5 12. Nf3 Bxh3 13. gxh3 Qxh3 14. Bf4 Ng4
15. Bg3 Nce5 16. Nxe5 Bxe5 17. Qf3 h5 18. Qg2 Qxg2+ 19. Kxg2 Kg7 20. Bxe5+ Nxe5
21. Rad1 f5 22. f4 Ng4 23. exf5 Rxf5 24. Rxe7+ Kh6 25. Nd5 b5 26. c3 Raf8 27.
Re6 h4 28. Bc2 h3+ 29. Kg3 h2 30. Kxg4 Rxd5 31. Rxg6+ Kh7 32. Rxd6+ Kh8 33.
R6xd5 Rg8+ 34. Rg5 1-0

[Event "35 Open Internacional Ciudad de San Sebastian"]
[Site "Donostia-San Sebastian"]
[Date "2012.03.31"]
[Round "1"]
[Board "9"]
[White "Riesco Lecuona, Juan Manuel"]
[Black "Pap, Misa"]
[Result "0-1"]
[WhiteElo "1912"]
[BlackElo "2501"]
[PlyCount "0"]
[EventDate "2012.03.31"]
[EventRounds "9"]
[EventCountry "ESP"]

1. e4 e5 2. Nf3 Nc6 3. Bb5 f5 4. d3 fxe4 5. dxe4 Bb4+ 6. c3 Bc5 7. O-O Qe7 8.
b4 Bb6 9. a4 a6 10. Bc4 Nf6 11. Qe2 d6 12. Nbd2 a5 13. b5 Nd8 14. Bb3 Be6 15.
Nc4 Bc5 16. Bc2 O-O 17. Ne3 Kh8 18. Ng5 Bg8 19. Nf5 Qe8 20. Qd3 Ne6 21. Qh3 Nh5
22. Qg4 Nxg5 23. Qxg5 g6 24. Bd1 Nf6 25. Ng3 Bc4 26. Bf3 Bxf1 27. Kxf1 Qe6 28.
Bd2 c6 29. bxc6 bxc6 30. h4 Rab8 31. h5 Nxh5 32. Nxh5 gxh5 33. Qxh5 Rb2 34. Be1
Qg6 35. Qh4 Qf6 36. Qg4 Rg8 37. Qh3 Qf7 38. Kg1 Rgb8 39. Qh4 Rg8 40. Qh3 Qf4
41. Kf1 d5 42. exd5 e4 43. Be2 Rf8 44. f3 Qe3 0-1

[Event "35 Open Internacional Ciudad de San Sebastian"]
[Site "Donostia-San Sebastian"]
[Date "2012.03.31"]
[Round "1"]
[Board "10"]
[White "Tratar, Marko"]
[Black "Gallastegi de la Fuente, Igor"]
[Result "1-0"]
[WhiteElo "2499"]
[BlackElo "1911"]
[PlyCount "0"]
[EventDate "2012.03.31"]
[EventRounds "9"]
[EventCountry "ESP"]

1. d4 Nf6 2. Nf3 g6 3. c4 Bg7 4. Nc3 d6 5. e4 O-O 6. Be2 e5 7. d5 a5 8. Bg5 Na6
9. Nd2 Nc5 10. O-O Qd7 11. b3 Kh8 12. a3 Ng8 13. b4 axb4 14. axb4 Rxa1 15. Qxa1
Na6 16. Qa3 c5 17. bxc5 Nxc5 18. Be3 Qe7 19. Bxc5 dxc5 20. Na4 Rd8 21. Qxc5 Qg5
22. Nf3 Qf4 23. Qc7 Rf8 24. Nc5 f5 25. g3 Qh6 26. Nxe5 f4 27. Nf7+ Rxf7 28.
Qxf7 fxg3 29. hxg3 Qh3 30. Ne6 Be5 31. Bf3 1-0

[Event "35 Open Internacional Ciudad de San Sebastian"]
[Site "Donostia-San Sebastian"]
[Date "2012.03.31"]
[Round "1"]
[Board "11"]
[White "Jacobsen, Fredrik Beer"]
[Black "Elsness, Frode"]
[Result "0-1"]
[WhiteElo "1910"]
[BlackElo "2499"]
[PlyCount "0"]
[EventDate "2012.03.31"]
[EventRounds "9"]
[EventCountry "ESP"]

1. d4 Nf6 2. Nf3 g6 3. g3 Bg7 4. Bg2 d5 5. O-O O-O 6. b3 c5 7. e3 Nc6 8. Bb2
Bf5 9. dxc5 Qa5 10. Nd4 Bg4 11. Qc1 Qxc5 12. Ba3 Nxd4 13. Bxc5 Ne2+ 14. Kh1
Nxc1 15. Rxc1 Ne4 16. Bxe4 Bxa1 17. Bxd5 Bb2 18. Re1 Rac8 19. Ba3 Rxc2 20. Be4
Bxa3 21. Bxc2 Bb4 22. Rc1 Rc8 23. a3 Bd6 0-1

[Event "35 Open Internacional Ciudad de San Sebastian"]
[Site "Donostia-San Sebastian"]
[Date "2012.03.31"]
[Round "1"]
[Board "12"]
[White "Rausis, Igor"]
[Black "Tung, Siu Hung"]
[Result "1-0"]
[WhiteElo "2481"]
[BlackElo "1908"]
[PlyCount "0"]
[EventDate "2012.03.31"]
[EventRounds "9"]
[EventCountry "ESP"]

1. c4 e5 2. g3 c6 3. d4 exd4 4. Qxd4 Nf6 5. Bg2 Na6 6. Nh3 Bb4+ 7. Nc3 Nc5 8.
O-O Ne6 9. Qd3 O-O 10. Rd1 Re8 11. Nf4 Qe7 12. a3 Ba5 13. b4 Bb6 14. e3 a5 15.
Rb1 axb4 16. axb4 Ng4 17. c5 Bc7 18. Ne4 b6 19. h3 Ne5 20. Qc3 Ng6 21. cxb6
Bxb6 22. Nd6 Ngxf4 23. gxf4 Rd8 24. b5 Ba5 25. Qc2 Rb8 26. Nc4 Bb4 27. bxc6
dxc6 28. Ne5 Rxd1+ 29. Qxd1 Bb7 30. Nxc6 Bxc6 31. Bxc6 Rd8 32. Qf3 Ba3 33. Bxa3
Qxa3 34. Bd5 Qd3 35. Be4 Qc3 36. Qh5 g6 37. Qe5 Qc8 38. f5 Ng5 39. fxg6 Nxh3+
40. Kh2 hxg6 41. Qg3 Kg7 42. Rb7 Qe6 43. Bg2 Nxf2 44. Qxf2 Qd6+ 45. Qf4 Rh8+
46. Kg3 1-0

[Event "35 Open Internacional Ciudad de San Sebastian"]
[Site "Donostia-San Sebastian"]
[Date "2012.03.31"]
[Round "1"]
[Board "13"]
[White "Fuente San Sebastian, Ernesto"]
[Black "Hansen, Torbjorn Ringdal"]
[Result "0-1"]
[WhiteElo "1906"]
[BlackElo "2469"]
[PlyCount "0"]
[EventDate "2012.03.31"]
[EventRounds "9"]
[EventCountry "ESP"]

1. g3 Nf6 2. Bg2 g6 3. c4 Bg7 4. Nc3 O-O 5. Nf3 d6 6. O-O Nc6 7. d3 e5 8. Bg5
h6 9. Bd2 Re8 10. Rb1 a5 11. Nb5 Kh7 12. a3 e4 13. dxe4 Nxe4 14. Be3 a4 15. Nh4
Ng5 16. Qc2 Nh3+ 17. Kh1 Bf6 18. Rbd1 Ne5 19. Be4 Bxh4 20. gxh4 Ng4 21. h5 Rg8
22. c5 Qh4 23. hxg6+ fxg6 24. Qc4 Bf5 25. Bxf5 Nhxf2+ 26. Rxf2 Nxf2+ 0-1

[Event "35 Open Internacional Ciudad de San Sebastian"]
[Site "Donostia-San Sebastian"]
[Date "2012.03.31"]
[Round "1"]
[Board "14"]
[White "Gonzalez Perez , Arian"]
[Black "Salvado Obrero, Ivan"]
[Result "1-0"]
[WhiteElo "2468"]
[BlackElo "1906"]
[PlyCount "0"]
[EventDate "2012.03.31"]
[EventRounds "9"]
[EventCountry "ESP"]

1. d4 Nf6 2. c4 e6 3. Nf3 b6 4. g3 Ba6 5. Qc2 Bb4+ 6. Nbd2 Bb7 7. Bg2 Be4 8.
Qb3 Bxd2+ 9. Bxd2 O-O 10. O-O d6 11. Rad1 Nbd7 12. Bh3 h6 13. Ne1 c5 14. Qa3
Qc7 15. dxc5 dxc5 16. Bf4 e5 17. Bc1 Rfe8 18. Ng2 Nf8 19. f3 Bc6 20. e4 Ne6 21.
Bxe6 fxe6 22. Qc3 Rad8 23. b3 Rd4 24. Bb2 Red8 25. Ne3 Be8 26. Qc1 Rxd1 27.
Rxd1 Rxd1+ 28. Nxd1 Qd6 29. Nf2 Bh5 30. g4 Bg6 31. Kf1 Nh7 32. Ke2 Ng5 33. h4
Nf7 34. Nd3 Kf8 35. Qa1 Qe7 36. h5 Bh7 37. Bxe5 Nxe5 38. Qxe5 Bg8 39. Qb8+ 1-0

[Event "35 Open Internacional Ciudad de San Sebastian"]
[Site "Donostia-San Sebastian"]
[Date "2012.03.31"]
[Round "1"]
[Board "15"]
[White "Martin-Consuegra Barrilero, Jav"]
[Black "Urkedal, Frode"]
[Result "0-1"]
[WhiteElo "1903"]
[BlackElo "2460"]
[PlyCount "0"]
[EventDate "2012.03.31"]
[EventRounds "9"]
[EventCountry "ESP"]

1. d4 Nf6 2. Bf4 g6 3. e3 Bg7 4. Be2 d6 5. h3 O-O 6. Nf3 c5 7. c3 b6 8. O-O Bb7
9. Nbd2 Nbd7 10. Bh2 Rc8 11. Qa4 a6 12. Rac1 b5 13. Qa3 Qb6 14. b4 cxd4 15.
cxd4 Bc6 16. Nb3 Ne4 17. Qb2 Ndf6 18. Nfd2 Nxd2 19. Nxd2 Qb7 20. Bf3 Bxf3 21.
Nxf3 Nd5 22. Qb3 Nb6 23. Rxc8 Rxc8 24. Ng5 Qd5 25. Qxd5 Nxd5 26. a3 Rc2 27. Ra1
Nc3 28. Kf1 Rb2 29. Nf3 Rb1+ 30. Rxb1 Nxb1 31. Ne1 Nxa3 32. Ke2 f5 33. Nd3 Kf7
34. f3 Ke6 35. Nf4+ Kd7 36. Kd3 Nc4 37. Ne2 e5 38. d5 e4+ 39. fxe4 Nb2+ 40. Kc2
fxe4 41. Nc3 Nc4 42. Bg1 Nb6 43. Nxe4 Nxd5 44. Kb3 Bh6 45. g4 Ke6 46. Bh2 Nxe3
47. g5 Bf8 48. Nf6 h5 49. h4 Nf5 50. Ne8 Nxh4 51. Nc7+ Kd7 52. Nd5 Nf3 0-1

[Event "35 Open Internacional Ciudad de San Sebastian"]
[Site "Donostia-San Sebastian"]
[Date "2012.03.31"]
[Round "1"]
[Board "16"]
[White "Marzolo, Cyril"]
[Black "Sanchez Ruesga, Hector"]
[Result "1-0"]
[WhiteElo "2441"]
[BlackElo "1902"]
[PlyCount "0"]
[EventDate "2012.03.31"]
[EventRounds "9"]
[EventCountry "ESP"]

1. d4 d5 2. c4 e6 3. Nc3 Nf6 4. Bg5 Be7 5. Qc2 dxc4 6. Nf3 Nd5 7. h4 h6 8. Bd2
c5 9. dxc5 Na6 10. Ne4 Nxc5 11. Nxc5 Bxc5 12. e4 Nf6 13. Bxc4 Qe7 14. Rc1 Bd7
15. O-O b5 16. Bd3 Rc8 17. Be3 Bb6 18. Qxc8+ Bxc8 19. Rxc8+ Bd8 20. Bxb5+ Nd7
21. Rd1 O-O 22. Rxd7 Qb4 23. Rdxd8 Rxd8 24. Rxd8+ Kh7 25. Bd3 e5 26. b3 f6 27.
h5 Qe7 28. Ra8 f5 29. Bc4 Qb7 30. Bg8+ 1-0

[Event "35 Open Internacional Ciudad de San Sebastian"]
[Site "Donostia-San Sebastian"]
[Date "2012.04.01"]
[Round "2"]
[Board "1"]
[White "Spraggett, Kevin"]
[Black "Bas Mas, Jose Joaquin"]
[Result "1-0"]
[WhiteElo "2584"]
[BlackElo "2227"]
[PlyCount "0"]
[EventDate "2012.03.31"]
[EventRounds "9"]
[EventCountry "ESP"]

1. e4 e6 2. d4 d5 3. e5 c5 4. Nf3 Nc6 5. Bd3 cxd4 6. O-O f6 7. Bb5 Bd7 8. Bxc6
bxc6 9. Qxd4 Qb6 10. Qf4 f5 11. c4 Ne7 12. h4 c5 13. cxd5 Nxd5 14. Qg3 Bb5 15.
Re1 Be7 16. Nc3 Nxc3 17. Qxg7 O-O-O 18. bxc3 Qc7 19. Bg5 Bxg5 20. Qxc7+ Kxc7
21. Nxg5 Rhe8 22. Nxh7 Rd3 23. Nf6 Rh8 24. h5 Rxc3 25. Rac1 Rxc1 26. Rxc1 Kb6
27. f3 f4 28. Kf2 Be8 29. Rb1+ Kc7 30. Rh1 Kc6 31. Rh4 1-0

[Event "35 Open Internacional Ciudad de San Sebastian"]
[Site "Donostia-San Sebastian"]
[Date "2012.04.01"]
[Round "2"]
[Board "2"]
[White "Sgnaolin, Davide"]
[Black "Vazquez Igarza, Renier"]
[Result "0-1"]
[WhiteElo "2254"]
[BlackElo "2566"]
[PlyCount "0"]
[EventDate "2012.03.31"]
[EventRounds "9"]
[EventCountry "ESP"]

1. e4 e5 2. Nf3 Nf6 3. Nxe5 d6 4. Nf3 Nxe4 5. d4 d5 6. Bd3 Bd6 7. O-O O-O 8.
Re1 Bf5 9. c4 c6 10. Nc3 Nxc3 11. bxc3 Bxd3 12. Qxd3 dxc4 13. Qxc4 Nd7 14. Bg5
Nb6 15. Qb3 Qc7 16. a4 h6 17. Bd2 c5 18. Rab1 Rab8 19. a5 Nd7 20. Qd5 Nf6 21.
Qf5 Qc8 22. Nh4 Qc6 23. g3 Bc7 24. Qxc5 Qxc5 25. dxc5 Rfd8 26. Be3 Bxa5 27. c6
bxc6 28. Rxb8 Rxb8 29. Nf5 Bxc3 30. Rc1 Nd5 31. Bxa7 Rb4 32. Ne7+ Nxe7 33. Rxc3
Ra4 34. Bb8 Ra6 35. Re3 Nf5 36. Re8+ Kh7 37. Kg2 Ra8 38. Kf3 c5 39. Rf8 Kg6 40.
Ke4 Ra2 41. f3 Rxh2 42. g4 Re2+ 43. Kd5 Ne3+ 44. Kxc5 Rf2 45. Kd4 Rxf3 0-1

[Event "35 Open Internacional Ciudad de San Sebastian"]
[Site "Donostia-San Sebastian"]
[Date "2012.04.01"]
[Round "2"]
[Board "4"]
[White "Aranaz Murillo, Amalia"]
[Black "Andres Gonzalez, Alberto"]
[Result "0-1"]
[WhiteElo "2224"]
[BlackElo "2525"]
[PlyCount "0"]
[EventDate "2012.03.31"]
[EventRounds "9"]
[EventCountry "ESP"]

1. Nf3 Nf6 2. c4 e6 3. g3 a6 4. Bg2 b5 5. b3 Bb7 6. O-O c5 7. Nc3 Qb6 8. e3 Be7
9. Qe2 O-O 10. Rd1 b4 11. Na4 Qc7 12. d4 d6 13. Ne1 Bxg2 14. Kxg2 Nbd7 15. dxc5
Nxc5 16. Nxc5 Qxc5 17. Nd3 Qb6 18. e4 a5 19. Be3 Qb7 20. f3 Nd7 21. Rac1 Rfc8
22. Rc2 a4 23. Rb1 Nc5 24. bxa4 Rxa4 25. Rcb2 Nxd3 26. Qxd3 Qa6 27. Rxb4 Rxa2+
28. R1b2 d5 29. Rb6 Rxb2+ 30. Rxb2 Qxc4 31. Qxc4 dxc4 32. Bd4 f6 33. Kf2 Rd8
34. Be3 Kf7 35. Ke2 Rd7 36. Ra2 f5 37. exf5 exf5 38. Ra7 Rxa7 39. Bxa7 Ke6 40.
g4 fxg4 41. fxg4 Kd5 42. Kf3 Bc5 0-1

[Event "35 Open Internacional Ciudad de San Sebastian"]
[Site "Donostia-San Sebastian"]
[Date "2012.04.01"]
[Round "2"]
[Board "5"]
[White "Libiszewski, Fabien"]
[Black "Mayo Martinez, Manuel"]
[Result "1/2-1/2"]
[WhiteElo "2523"]
[BlackElo "2188"]
[PlyCount "0"]
[EventDate "2012.03.31"]
[EventRounds "9"]
[EventCountry "ESP"]

1. e4 e5 2. Nf3 Nc6 3. Bb5 a6 4. Ba4 Nf6 5. O-O d6 6. Re1 b5 7. Bb3 Be7 8. c3
O-O 9. d3 Na5 10. Bc2 c5 11. Nbd2 Nc6 12. Nf1 Ne8 13. Ne3 Nc7 14. a4 Bb7 15.
Bb3 Qd7 16. Nf5 Ne6 17. h4 Bf6 18. Ng5 Ne7 19. Qh5 Bxg5 20. hxg5 Ng6 21. g3
Rfe8 22. Ne3 c4 23. dxc4 Bxe4 24. axb5 axb5 25. Rxa8 Bxa8 26. cxb5 Qxb5 27. Bd1
Qb7 1/2-1/2

[Event "35 Open Internacional Ciudad de San Sebastian"]
[Site "Donostia-San Sebastian"]
[Date "2012.04.01"]
[Round "2"]
[Board "6"]
[White "Stips, Felix"]
[Black "Bakre, Tejas"]
[Result "0-1"]
[WhiteElo "2212"]
[BlackElo "2513"]
[PlyCount "0"]
[EventDate "2012.03.31"]
[EventRounds "9"]
[EventCountry "ESP"]

1. Nf3 Nf6 2. c4 e6 3. Nc3 d5 4. d4 Bb4 5. e3 c5 6. Bd3 Nc6 7. O-O O-O 8. a3
Bxc3 9. bxc3 Qc7 10. a4 Rd8 11. cxd5 exd5 12. h3 Ne7 13. Ba3 b6 14. c4 Be6 15.
Rc1 Qb7 16. Qb3 Nc6 17. dxc5 Na5 18. Qb2 dxc4 19. Be2 Rac8 20. Ne5 Qe4 21. Bf3
c3 22. Qxc3 Qxa4 23. Bd1 Qb5 24. Qb4 Qa6 25. cxb6 axb6 26. Bf3 Nd5 27. Qh4 Nb3
28. Rxc8 Rxc8 29. Bb2 Nd2 30. Ra1 Qb5 31. Bd4 f6 32. Bg4 Qe8 33. Bh5 Qd8 34.
Bg4 Nc7 35. Bxb6 Bxg4 36. Qxg4 fxe5 37. Rc1 Rb8 38. Rxc7 Qxc7 39. Bxc7 Rb1+ 40.
Kh2 Nf1+ 41. Kg1 Nxe3+ 42. Kh2 Nxg4+ 43. hxg4 Rb5 44. Kg3 Kf7 45. Bd8 h6 46.
Kf3 Ke6 47. Bh4 Rb3+ 48. Ke2 Rb4 49. f3 h5 0-1

[Event "35 Open Internacional Ciudad de San Sebastian"]
[Site "Donostia-San Sebastian"]
[Date "2012.04.01"]
[Round "2"]
[Board "7"]
[White "Moreno Ruiz, Javier"]
[Black "Verstraeten, Reinaert"]
[Result "1-0"]
[WhiteElo "2513"]
[BlackElo "2167"]
[PlyCount "0"]
[EventDate "2012.03.31"]
[EventRounds "9"]
[EventCountry "ESP"]

1. d4 Nf6 2. c4 g6 3. Nc3 Bg7 4. e4 d6 5. Be2 O-O 6. Nf3 e5 7. Be3 exd4 8. Nxd4
Re8 9. f3 Nc6 10. O-O Nh5 11. Qd2 Nxd4 12. Bxd4 Nf4 13. Rfd1 Qg5 14. Bf1 Bxd4+
15. Qxd4 Ne6 16. Qf2 b6 17. Nd5 c6 18. f4 Qd8 19. Nc3 Qe7 20. Rd2 Bb7 21. Re1
Rad8 22. g3 Qc7 23. Bg2 a6 24. e5 dxe5 25. fxe5 Rxd2 26. Qxd2 Rd8 27. Qf2 Nd4
28. c5 Bc8 29. cxb6 Qxb6 30. Ne4 Be6 31. b3 h6 32. Kh1 Qa5 33. Nd6 Bd5 34. Rf1
Bxg2+ 35. Qxg2 Rd7 36. Qe4 Qd5 37. Qxd5 cxd5 38. Rc1 Ne6 39. Rc6 d4 40. Kg2 d3
41. Rc8+ Rd8 42. Rxd8+ Nxd8 43. Kf3 Nc6 44. Nc4 Nb4 45. a4 Kf8 46. Ke3 Ke7 47.
Nb2 Ke6 48. Nxd3 Nxd3 49. Kxd3 Kxe5 50. b4 f5 51. Ke3 g5 52. Kd3 Kd5 53. h4 Ke5
54. Kc4 f4 55. gxf4+ Kxf4 56. b5 axb5+ 57. axb5 Ke5 58. b6 Kd6 59. Kb5 g4 60.
Ka6 1-0

[Event "35 Open Internacional Ciudad de San Sebastian"]
[Site "Donostia-San Sebastian"]
[Date "2012.04.01"]
[Round "2"]
[Board "8"]
[White "Aranaz Portugues, Jose Carlos"]
[Black "Lopez Martinez, Josep Manuel"]
[Result "0-1"]
[WhiteElo "2177"]
[BlackElo "2508"]
[PlyCount "0"]
[EventDate "2012.03.31"]
[EventRounds "9"]
[EventCountry "ESP"]

1. d4 e6 2. c4 b6 3. Nc3 Bb7 4. e3 f5 5. Qh5+ g6 6. Qd1 Nf6 7. Nf3 Bg7 8. Be2
O-O 9. O-O Qe7 10. b3 d6 11. Ba3 c5 12. b4 Na6 13. bxc5 dxc5 14. Na4 Ne4 15.
Rb1 Rfd8 16. Qb3 Rac8 17. Rfd1 Bc6 18. Nb2 Qe8 19. Rbc1 Kh8 20. d5 Bb7 21. dxe6
Nc7 22. Nd3 Nxe6 23. Bb2 Qe7 24. Be5 g5 25. Qb2 g4 26. Bxg7+ Qxg7 27. Nfe5 Kg8
28. Nf4 Nxf4 29. exf4 Qh6 30. g3 Nxf2 31. h4 Nxd1 32. Bxd1 Qd6 0-1

[Event "35 Open Internacional Ciudad de San Sebastian"]
[Site "Donostia-San Sebastian"]
[Date "2012.04.01"]
[Round "2"]
[Board "9"]
[White "Pap, Misa"]
[Black "Silva Rodriguez, Julio"]
[Result "1-0"]
[WhiteElo "2501"]
[BlackElo "2121"]
[PlyCount "0"]
[EventDate "2012.03.31"]
[EventRounds "9"]
[EventCountry "ESP"]

1. e4 e6 2. d4 d5 3. Nd2 Nf6 4. e5 Nfd7 5. f4 c5 6. c3 Nc6 7. Ndf3 Qb6 8. a3 c4
9. Ne2 Na5 10. g4 h5 11. gxh5 Rxh5 12. h4 Qb3 13. Qd2 Nb6 14. Ng3 Rh8 15. Bh3
Qb5 16. Qe3 g6 17. Bg4 Na4 18. Rh2 Bd7 19. Ng5 Be7 20. h5 Bxg5 21. fxg5 gxh5
22. Bxh5 O-O-O 23. Rf2 Be8 24. Kf1 Nb3 25. Rb1 f5 26. exf6 Bxh5 27. Nxh5 Rxh5
28. f7 Qd7 29. f8=Q Rxf8 30. Rxf8+ Kc7 31. Qf3 Rh7 32. g6 1-0

[Event "35 Open Internacional Ciudad de San Sebastian"]
[Site "Donostia-San Sebastian"]
[Date "2012.04.01"]
[Round "2"]
[Board "10"]
[White "Pastor Pons, Pedro Maria"]
[Black "Tratar, Marko"]
[Result "0-1"]
[WhiteElo "2143"]
[BlackElo "2499"]
[PlyCount "0"]
[EventDate "2012.03.31"]
[EventRounds "9"]
[EventCountry "ESP"]

1. e4 e6 2. d4 d5 3. Nc3 Bb4 4. exd5 exd5 5. Bb5+ c6 6. Bd3 Qf6 7. a3 Ba5 8.
Qe2+ Ne7 9. Nf3 Bg4 10. Bg5 Qe6 11. O-O-O Qxe2 12. Nxe2 f6 13. Bf4 Nd7 14. h3
Bxf3 15. gxf3 O-O-O 16. h4 Nf8 17. Bg3 Ne6 18. c3 Bc7 19. Rde1 Rde8 20. Kd2 g6
21. Bxc7 Kxc7 22. f4 f5 23. Reg1 Ng7 24. Ng3 Kd7 25. h5 Ref8 26. Rh3 Ke6 27.
Rgh1 Rhg8 28. hxg6 hxg6 29. f3 Kf6 30. R3h2 Ne6 31. Ne2 Rg7 32. Ke3 Ng8 33. Rg2
Re8 34. Kf2 Kf7 35. Rh8 Nf6 36. Rxe8 Kxe8 37. Rh2 Rg8 38. Rh4 Kf7 39. Ng1 Kg7
40. Nh3 Nh7 41. Bc2 Re8 42. Ng1 Rf8 43. Ne2 Nf6 44. Nc1 Nh5 45. Nd3 Re8 46. b4
a5 47. bxa5 Ra8 48. Ke3 Rxa5 49. a4 Nf6 50. Rh1 Ne8 51. Ne5 Nd6 52. Rg1 Nf8 53.
Kd2 Kf6 54. Rb1 Ra7 55. Ke3 Ne6 56. Rg1 Nc4+ 57. Nxc4 dxc4 58. d5 cxd5 59. Rb1
Ke7 60. Rb5 Kd6 61. Rb6+ Kd7 62. Bd1 Ra8 63. Rxb7+ Kc6 64. Re7 Kd6 65. Rb7 Re8
66. Rb6+ Kc5 67. a5 d4+ 68. cxd4+ Nxd4+ 69. Kd2 Ra8 70. Rxg6 Rxa5 71. Rg8 Ra2+
72. Ke3 Ra3+ 73. Kd2 c3+ 74. Kd3 c2+ 75. Kd2 Rd3+ 0-1

[Event "35 Open Internacional Ciudad de San Sebastian"]
[Site "Donostia-San Sebastian"]
[Date "2012.04.01"]
[Round "2"]
[Board "11"]
[White "Elsness, Frode"]
[Black "Troffiguer, Olivier"]
[Result "1-0"]
[WhiteElo "2499"]
[BlackElo "2113"]
[PlyCount "0"]
[EventDate "2012.03.31"]
[EventRounds "9"]
[EventCountry "ESP"]

1. d4 f5 2. Bg5 g6 3. Nc3 d5 4. e3 Nh6 5. h4 Nf7 6. Nf3 h6 7. Bf4 Bg7 8. Nb5
Na6 9. c4 c6 10. Nc3 O-O 11. cxd5 cxd5 12. Rc1 e6 13. Qb3 Qa5 14. Be2 Nb4 15.
O-O Nc6 16. Na4 Qd8 17. Bb5 g5 18. Bg3 f4 19. exf4 gxf4 20. Bxf4 Nxd4 21. Nxd4
Bxd4 22. Rfd1 Bg7 23. Bg3 Nd6 24. Bd3 Nf5 25. Bxf5 Rxf5 26. Rc7 Rf7 27. Rdc1
Rxc7 28. Rxc7 b6 29. Qb5 e5 30. Qc6 Rb8 31. Bxe5 Rb7 32. Rxc8 1-0

[Event "35 Open Internacional Ciudad de San Sebastian"]
[Site "Donostia-San Sebastian"]
[Date "2012.04.01"]
[Round "2"]
[Board "12"]
[White "Ladron de Guevara Galar, Fco J"]
[Black "Rausis, Igor"]
[Result "0-1"]
[WhiteElo "2139"]
[BlackElo "2481"]
[PlyCount "0"]
[EventDate "2012.03.31"]
[EventRounds "9"]
[EventCountry "ESP"]

1. d4 d6 2. c4 e5 3. Nc3 exd4 4. Qxd4 Nc6 5. Qd2 Nf6 6. b3 Be6 7. Bb2 d5 8.
cxd5 Nxd5 9. e4 Nxc3 10. Bxc3 Qxd2+ 11. Bxd2 Nb4 12. Rc1 O-O-O 13. Bc4 Nxa2 14.
Bxe6+ fxe6 15. Ra1 Nb4 16. Rxa7 Kb8 17. Ra4 Nd3+ 18. Ke2 Nxf2 19. Bg5 Bc5 20.
Nh3 Nxh1 21. Bxd8 Rxd8 22. Ra1 Rd4 23. Rxh1 Rxe4+ 24. Kd2 Rd4+ 0-1